| 000 | 01341cam a2200361 i 4500 | ||
|---|---|---|---|
| 001 | 69962 | ||
| 003 | Mx-PuUPA | ||
| 005 | 20250310101404.0 | ||
| 008 | 221019s2015 mx a gr 000 0 spa d | ||
| 020 | _a9786073145497 | ||
| 040 |
_aMx-PuUPA _cMx-PuUPA _bspa _dMx-PuUPA _erda |
||
| 041 | 0 | _aspa | |
| 100 | 1 |
_aSteels, Emmanuelle, _d1976- _916643 _eautor |
|
| 245 | 1 | 3 |
_aEl teatro del engaño : _bbuscando a los Zodiaco, la banda de secuestradores que nunca existió / _cEmmanuelle Steels |
| 250 |
_aPrimera edición / _bjulio |
||
| 264 | 1 |
_aCiudad de México : _bPenguin Random House Grupo Editorial, _c©2015 |
|
| 300 |
_a326 páginas : _bilustraciones ; _c19 cm |
||
| 336 |
_2rdacontent _atexto _btxt |
||
| 337 |
_2rdamedia _asin medio _bn |
||
| 338 |
_2rdacarrier _avolumen _bnc |
||
| 490 | 0 | _aColección México Roto | |
| 600 | 1 | 4 |
_aVallarta Cisneros, Israel _xEncarcelamiento |
| 600 | 1 | 4 |
_aCassez, Florence, _d1974 _xEncarcelamiento |
| 600 | 3 | 4 | _aFamilia Vallarta |
| 650 | 7 |
_913986 _2armarc _aSecuestro _zMéxico |
|
| 650 | 7 |
_2armarc _aEncarcelamiento ilegal _zMéxico |
|
| 650 | 7 |
_2armarc _aPandilla _zMéxico |
|
| 942 |
_2ddc _cLI _h364.10660972 _iS75 |
||
| 999 |
_c69962 _d69962 |
||